Catálogo

L'ami chinois / (Registro nro. 26812)

Detalles MARC
000 -LEADER
fixed length control field 00937cam a2200313 i 4500
001 - CONTROL NUMBER
control field 26812
003 - CONTROL NUMBER IDENTIFIER
control field Mx-PuUPA
005 - DATE AND TIME OF LATEST TRANSACTION
control field 20260409120425.0
008 - FIXED-LENGTH DATA ELEMENTS--GENERAL INFORMATION
fixed length control field 140415s2000 gsw fr 000 f gsw d
040 ## - CATALOGING SOURCE
Transcribing agency Mx-PuUPA
Original cataloging agency Mx-PuUPA
Language of cataloging spa
Modifying agency Mx-PuUPA
Description conventions rda
041 0# - LANGUAGE CODE
Language code of text/sound track or separate title gsw
043 ## - GEOGRAPHIC AREA CODE
Geographic area code n-us---
043 ## - GEOGRAPHIC AREA CODE
Geographic area code a-cc---
100 1# - MAIN ENTRY--PERSONAL NAME
Personal name Dalain, Yvan,
Dates associated with a name 1927-2007
9 (RLIN) 17912
Relator term autor
245 10 - TITLE STATEMENT
Title L'ami chinois /
Statement of responsibility, etc. Yvan Dalain
264 #1 - PRODUCTION, PUBLICATION, DISTRIBUTION, MANUFACTURE, AND COPYRIGHT NOTICE
Place of production, publication, distribution, manufacture Lutry :
Name of producer, publisher, distributor, manufacturer Editions Bastian,
Date of production, publication, distribution, manufacture, or copyright notice 1993
300 ## - PHYSICAL DESCRIPTION
Extent 257 páginas ;
Dimensions 23 cm
336 ## - CONTENT TYPE
Fuente rdacontent
Content type term texto
Content type code txt
337 ## - MEDIA TYPE
Source rdamedia
Media type term sin medio
Media type code n
338 ## - CARRIER TYPE
Source rdacarrier
Carrier type term volumen
Carrier type code nc
600 04 - SUBJECT ADDED ENTRY--PERSONAL NAME
Personal name Profesor chino
General subdivision Conspiraciones
Form subdivision Novela
651 #4 - SUBJECT ADDED ENTRY--GEOGRAPHIC NAME
Geographic name Estados Unidos
Form subdivision Novela política
651 #4 - SUBJECT ADDED ENTRY--GEOGRAPHIC NAME
Geographic name China
Form subdivision Novela política
655 #4 - INDEX TERM--GENRE/FORM
Source of term armarc
Genre/form data or focus term Novela suiza
655 #4 - INDEX TERM--GENRE/FORM
Source of term armarc
Genre/form data or focus term Novela de suspenso
942 ## - ADDED ENTRY ELEMENTS (KOHA)
Source of classification or shelving scheme Dewey Decimal Classification
Koha item type Libro
Classification part 833
Item part D36
Existencias
Withdrawn status Lost status Source of classification or shelving scheme Damaged status Not for loan Collection code Home library Current library Shelving location Date acquired Source of acquisition Total Checkouts Full call number Barcode Date last seen Price effective from Koha item type
    Dewey Decimal Classification     General Biblioteca Karol Wojtyla Biblioteca Karol Wojtyla Sala general 03/12/2013 Donación   833 D36 1993 49784 17/04/2026 03/12/2013 Libro